Unrealistic Movie Age Gaps Quiz Stats

 Plays Quiz Updated Mar 31, 2016

Challenge
Share
Tweet
Score 0/18 Timer 06:00
2 Plays Today
% Correct
Indiana Jones and the Last Crusade
95.9%
Forrest Gump
95.7%
Star Trek
88.4%
The Twilight Saga: Breaking Dawn - Part 2
79.8%
The Lord of the Rings: The Two Towers
79.7%
Step Brothers
77.3%
Brokeback Mountain
75.9%
Little Miss Sunshine
70.1%
Mean Girls
67.7%
% Correct
The Fighter
65.1%
The Passion of the Christ
55.3%
The Graduate
46.3%
Alexander
41.5%
Boyz n the Hood
32.2%
North by Northwest
31.8%
Hamlet
30.7%
The Manchurian Candidate
19.7%
Riding in Cars with Boys
11.2%

You're not logged in!

Compare scores with friends on all Sporcle quizzes.
OR
Log In

You Might Also Like...

Show Comments

Extras

Top Quizzes Today


Score Distribution

Your Account Isn't Verified!

In order to create a playlist on Sporcle, you need to verify the email address you used during registration. Go to your Sporcle Settings to finish the process.

Report this User

Report this user for behavior that violates our Community Guidelines.

Details: